LIBRARY & INFORMATION CENTRE, KCAET, TAVANUR

ONLINE PUBLIC ACCESS CATALOGUE (OPAC)

Objective general english for all competitive exams (Record no. 15396)

MARC details
000 -LEADER
fixed length control field 00309nam a22001217a 4500
020 ## - INTERNATIONAL STANDARD BOOK NUMBER
ISBN 9789351768449
082 ## - DEWEY DECIMAL CLASSIFICATION NUMBER
Classification number 425.76
Item number BAK/OB
100 ## - MAIN ENTRY--AUTHOR NAME
Personal name Bakshi, S.P
245 ## - TITLE STATEMENT
Title Objective general english for all competitive exams
260 ## - PUBLICATION, DISTRIBUTION, ETC. (IMPRINT)
Place of publication India
Name of publisher Arihant publications
Year of publication 2000
300 ## - PHYSICAL DESCRIPTION
Number of Pages 776
942 ## - ADDED ENTRY ELEMENTS (KOHA)
Koha item type Book Bank scheme for SC students
Holdings
Withdrawn status Lost status Damaged status Home library Current library Shelving location Date acquired Cost, normal purchase price Full call number Accession Number Koha item type
      KAUAET KAUAET Scheme 31/03/2018 285.00 425.76 BAK/OB BB 483 Book Bank scheme for SC students
free website counter